header

The Thief Lord (Record no. 263859)

MARC details
000 -LEADER
fixed length control field 00456nam a22001817a 4500
003 - CONTROL NUMBER IDENTIFIER
control field OSt
005 - DATE AND TIME OF LATEST TRANSACTION
control field 20240613142337.0
008 - FIXED-LENGTH DATA ELEMENTS--GENERAL INFORMATION
fixed length control field 240613b xxu||||| |||| 00| 0 eng d
020 ## - INTERNATIONAL STANDARD BOOK NUMBER
International Standard Book Number 0439404371
040 ## - CATALOGING SOURCE
Transcribing agency N/A
050 ## - LIBRARY OF CONGRESS CALL NUMBER
Classification number PZ7
Item number F96624
100 ## - MAIN ENTRY--PERSONAL NAME
Personal name Funke, Cornelia
Dates associated with a name 1958
245 ## - TITLE STATEMENT
Title The Thief Lord
Statement of responsibility, etc Cornelia Funke
250 ## - EDITION STATEMENT
Edition statement 1st American ed
260 ## - PUBLICATION, DISTRIBUTION, ETC. (IMPRINT)
Place of publication, distribution, etc New York
Name of publisher, distributor, etc scholastic
Date of publication, distribution, etc 2002
300 ## - PHYSICAL DESCRIPTION
Extent 349 p
Other physical details ill;map
Dimensions 22 cm
942 ## - ADDED ENTRY ELEMENTS (KOHA)
Source of classification or shelving scheme Library of Congress Classification
Koha item type Long Loan Books
Holdings
Withdrawn status Lost status Source of classification or shelving scheme Damaged status Not for loan Collection code Home library Current library Shelving location Date acquired Total Checkouts Full call number Barcode Date last seen Date checked out Price effective from Koha item type
    Library of Congress Classification     Fiction Rongo University Library Rongo University Library Children's Area 13/06/2024 1 PZ7 .F96624 2000 CL20243384 18/08/2025 01/08/2025 13/06/2024 Long Loan Books

© 2026 Rongo University
Contact us: librarian | system librarian | Rongo university